000 00820nam a2200217Ia 4500
008 0000001984 sp a 0000000000spa00
020 _a8486089115
090 _aPSP00 C14l
100 1 _aCalvo Serraller, Francisco
_d1948
245 1 0 _aLuis Gordillo
_b: pinturas 1982-84
_c/ textos Francisco Calvo Serraller ; fotografías Antonio Zafra
300 _a149 p.
_c/ 30 cm.
500 _aTexto bilingue : español inglés \ Con el patronazgo del maestro venezolano Jesús Rafael Soto (q.e.p.d.)
600 0 0 _aGORDILLO, LUIS, 1934/
_xTRABAJOS PICTORICOS
650 1 4 _aARTE CONTEMPORANEO ESPAÑOL
650 1 4 _xCATALOGOS
650 1 4 _xEXPOSICIONES
650 1 4 _aPINTORES ESPAÑOLES
650 1 4 _aPINTURA ESPAÑOLA
700 1 _aZafra, Antonio
999 _c6401
_d6401
260 _aMadrid : Galería Fernando Vijande
_c1984